| 000 | 00558nam a2200205 a 4500 | ||
|---|---|---|---|
| 999 |
_c3657 _d3657 |
||
| 001 | 3657 | ||
| 003 | BD-JhCC | ||
| 005 | 20171115202005.0 | ||
| 008 | 171115s1967 bg |||| ||a| 00| 0 en d | ||
| 035 | _a(BD-JhCC)3657 | ||
| 040 |
_aBD-JhCC _dBD-JhCC |
||
| 041 | _aben | ||
| 082 |
_a891.4415 _bIQB 1967 |
||
| 245 | _aইকবাল চয়নিকা / | ||
| 260 |
_aঢাকা : _bপাকিস্তান পাবলিকেশন, _c1967. |
||
| 300 |
_a120 p. : _c20 cm. |
||
| 650 | _aCollection of Poems | ||
| 942 |
_2ddc _cBK |
||